000 00923cam a2200277 i 4500
001 1336986367
003 OSt
005 20250416130225.0
008 220724s2022 si a ob 000 0 eng d
020 _z9789811929076 (paperback)
040 _aYDX
_beng
_erda
_cYDX
_dNUST
050 4 _aTA455.E4 HAK
100 1 _aHakami, Ferial
_eAuthor
245 1 0 _aTribology of elastomers /
_cFerial Hakami, Alokesh Pramanik and Animesh Kumar Basak.
260 _aSingapore :
_bSpringer,
_c2022.
300 _axii, 151 pages :
_bIllustrations ;
_c24 cm.
336 _atext
_btxt
_2rdacontent
337 _acomputer
_bc
_2rdamedia
338 _aonline resource
_bcr
_2rdacarrier
504 _aIncludes bibliographical references.
650 0 _vElastomers.
650 0 _vTribology.
700 1 _aPramanik, Alokesh
_eAuthor
700 1 _aBasak, Animesh Kumar
_eAuthor
942 _2lcc
_cBOOKS
_hTA455.E4 HAK
_kTA
_mHAK
_n0
999 _c171631
_d171631